Orígenes de la empresa telefónica. La Sociedad nacional del panteléffono : con la reproducción facsimilar de la conferencia sobre la telefonía y el... /

Guardado en:
Autor Principal: Tesler, Mario.
Formato: Libro
Idioma:Spanish
Publicado: Buenos Aires : Empresa nacional de telecomunicaciones, 1981.
Series:Breviarios de las comunicaciones, 2
Etiquetas: Agregar Etiqueta
Sin Etiquetas, Sea el primero en etiquetar este registro!
LEADER 00630nam a22001575a 4500
001 EUN.um024340
003 AR-BaUNS
005 20050623122902.0
008 041125s1981####ag############000#0#spa#d
245 1 0 |a Orígenes de la empresa telefónica. La Sociedad nacional del panteléffono :  |b con la reproducción facsimilar de la conferencia sobre la telefonía y el... /  |c Mario Tesler. 
260 |a Buenos Aires :  |b Empresa nacional de telecomunicaciones,  |c 1981. 
300 |a 32 p. 
490 0 |a Breviarios de las comunicaciones, 2 
100 1 |a Tesler, Mario. 
082 0 4 |a 384.609 
859 |a Ar-BaUNS  |b BIB. CENTRAL - Sector C  |h 384.609  |i T284-1  |p 90460/983